LIBRARY & INFORMATION CENTRE, KCAET, TAVANUR

ONLINE PUBLIC ACCESS CATALOGUE (OPAC)

Gerard Manley Hopkins: A study of poetic idiosyncrasy in relation to poetic tradition, Vol.I / (Record no. 8634)

MARC details
000 -LEADER
fixed length control field 00431cam a2200145ua 4500
041 ## - LANGUAGE CODE
Language code of text/sound track or separate title eng
082 ## - DEWEY DECIMAL CLASSIFICATION NUMBER
Classification number 828.09
Item number GAR/GE
100 ## - MAIN ENTRY--AUTHOR NAME
Personal name Gardner, W.H .
245 ## - TITLE STATEMENT
Title Gerard Manley Hopkins: A study of poetic idiosyncrasy in relation to poetic tradition, Vol.I /
260 ## - PUBLICATION, DISTRIBUTION, ETC. (IMPRINT)
Place of publication London :
Name of publisher Oxford University Press ,
Year of publication 1966.
300 ## - PHYSICAL DESCRIPTION
Number of Pages 304 ; .
942 ## - ADDED ENTRY ELEMENTS (KOHA)
Koha item type Books
Holdings
Withdrawn status Lost status Damaged status Home library Current library Date acquired Full call number Accession Number Koha item type
Withdrawn     KAUAET Malayalam University 07/04/2012 828.09 11536 Books
free website counter